000 00192nam a2200073Ia 4500
008 170817s9999 xx 000 0 und d
100 _aJohri.Pradeep.Kumar
245 0 _aEducational Thought
260 _bAnmol Publications Delhi
999 _c38885
_d38885